01675nam a2200373 a 4500001001000000003000500010005001700015008004100032010001100073011001100084040000900095090001000104100005000114245020000164260004100364500006000405502010900465590004000574590004000614590004000654650004500694650003900739650003000778650002600808650003500834700004400869856007000913901000700983942001000990942000601000999001901006952014001025952013601165000111685CHAP20220329144225.0150720s2015 mx sm |||||||spa d a108146 a109118 cCHAP aTesis1 aIslas Hernández, Xochitl Angélica912962310aAplicación de insecticidas e insectos asociados a Dentroctonus frontalis en el Ejido de Tlaxco, Hidalgoh[En línea]cpor Xochitl Angélica Islas Hernández y Wendi Yuremith Solís Santana. aChapingo, Méx. :bEl autor,c2015. aPara ver el contenido del material haga clic en la liga aTesis (Ing. Agr. Esp. en Parasitología Agrícola) -- UACH. Departamento de Parasitología Agrícola aE5765TAJb05c20150720lUCH01h1140 aE5765TAJb05c20150720lUCH01h1141 aE5765TAJb05c20150720lUCH01h114114aDendroctonus frontalisxControl.912962514aInsecticidasxAplicación.95885714aInsectosxControl.95890814aPinus teocote.98837114aTrampas para insectos.91146091 aSolís Santana, Wendi Yuremith9129624 aFinding aiduhttp://10.13.5.2/tesis/sist111685.pdfzTeclea aquí aBK cTESIS n0 c108146d108146 00102local4053708TESISaBCbBCcPA_TESISd2015-07-20fTESISl0oTesisp33724002504595r2019-12-31 00:00:00tc.2w2019-12-31yTESIS 00104054718TESISaBCbBCd2015-07-20fTESISl0oTesisp33724002504637r2019-12-31 00:00:00w2019-12-31yTESISzRecien adquirido